Catálogo
 En Linea

Inaguración del busto del generalísimo Dr. Rafael Leonidas Trujillo, benefactor de la patría y padre de la patría nueva restaurador de la independencia financiera de la república, erigido en los jardines de la Secretaría de Estado de Finanzas. (Registro nro. 28736)

Detalles MARC
000 -CABECERA
campo de control de longitud fija 00694nam a2200145 a 4500
001 - NÚMERO DE CONTROL
campo de control 000029244
005 - FECHA Y HORA DE LA ÚLTIMA TRANSACCIÓN
campo de control 20200930055424.0
008 - DATOS DE LONGITUD FIJA--INFORMACIÓN GENERAL
campo de control de longitud fija 110414s1958 dr ac r 000 0 spa d
040 ## - FUENTE DE LA CATALOGACIÓN
Centro catalogador/agencia de origen DO-SdBNP
Lengua de catalogación spa
Centro/agencia transcriptor BNPHU
082 ## - NÚMERO DE LA CLASIFICACIÓN DECIMAL DEWEY
Número de clasificación xxx
Número de documento/Ítem R426i
110 1# - ENTRADA PRINCIPAL--NOMBRE DE ENTIDAD CORPORATIVA
Nombre de entidad corporativa o nombre de jurisdicción como elemento de entrada República Dominicana
Unidad subordinada Secretaría de Estado de Finanzas
9 (RLIN) 32264
245 10 - MENCIÓN DE TÍTULO
Título Inaguración del busto del generalísimo Dr. Rafael Leonidas Trujillo, benefactor de la patría y padre de la patría nueva restaurador de la independencia financiera de la república, erigido en los jardines de la Secretaría de Estado de Finanzas.
260 ## - PUBLICACIÓN, DISTRIBUCIÓN, ETC.
Lugar de publicación, distribución, etc. Ciudad Trujillo, República Dominicana :
Nombre del editor, distribuidor, etc. [s.n.],
Fecha de publicación, distribución, etc. 1958.
300 ## - DESCRIPCIÓN FÍSICA
Extensión 22, [5] p. :
Otras características físicas il., retrs. ;
Dimensiones 23 cm.
Existencias
Estado de retiro Estado de pérdida Restricciones de uso No para préstamo Código de colección Localización permanente Ubicación/localización actual Ubicación en estantería Fecha de adquisición Número de inventario Total de préstamos Signatura topográfica completa Código de barras Fecha visto por última vez Precio válido a partir de Tipo de ítem Koha
        Raros y valiosos Patrimonio Dominicano Patrimonio Dominicano Depósito 14.04.2011 LF2   xxx R426i 29244-10 25.06.2020 25.06.2020 Préstamo en sala

Con tecnología Koha